000 00474nam a2200193Ia 4500
005 20250508150855.0
008 008 250505s9999 xx 000 0 eng d
037 _aTextual
040 _aFEDL
_beng
_cFEDL
041 _aeng
_2eng
084 _a341.13, UNI
_qFEDL
245 0 _aThese rights and freedoms
260 _c1950
300 _a214p.
490 _aUnited Nations
650 _aLaw
942 _cTEXL
_h341.13, UNI
999 _c1326239
_d1326239